| 000 | 00517nam a2200205Ia 4500 | ||
|---|---|---|---|
| 008 | 140626s9999 xx 000 0 und d | ||
| 100 | _a. | ||
| 245 | _aBoracay undertakes coral reef restoration / | ||
| 260 | _cc2012. | ||
| 300 | _a13 : 10, page 53 | ||
| 440 | _aCruising | ||
| 521 | _aTOU | ||
| 650 | _aBoracay beach management program. | ||
| 650 | _aBoracay. | ||
| 650 | _aCoral reef restoration. | ||
| 650 | _aDENR. | ||
| 650 | _aEnvironmental conservation. | ||
| 650 | _aReef domes. | ||
| 942 | _cSE | ||
| 999 |
_c121158 _d121158 |
||